[Event "Asian Zonal 3.2 2019"]
[Site "Dhaka"]
[Date "2019.03.20"]
[Round "4.5"]
[White "Thilakarathne, G M H"]
[Black "S M Sharon"]
[Result "1/2-1/2"]
[WhiteElo "2417"]
[BlackElo "2106"]
[Annotator "TA"]
[PlyCount "62"]
[EventDate "2019.03.14"]
[EventType "swiss"]
[EventCountry "BAN"]
[SourceTitle "playchess.com"]
[Source "ChessBase"]
[SourceQuality "1"]

{[%evp 21,62,56,38,37,64,51,62,50,70,69,71,66,56,22,33,16,26,0,0,-16,-15,0,0,-39,75,65,81,79,79,21,35,33,68,-12,16,-17,-8,-8,-6,-6,-8,-8,134]} 1. e4 c5 2. Nf3 d6 3. d4 cxd4 4. Nxd4 Nf6 5. Nc3 g6 6. Be3 Bg7 7. f3 O-O 8. Qd2 Nc6 9. Bc4 Bd7 10. O-O-O Ne5 11. Bb3 Rb8 12. f4 {B78: Sicilian Dragon: Yugoslav Attack, 9 Bc4 Bd7 10 0-0-0 Rc8} Neg4 13. h3 Nxe3 14. Qxe3 {White is slightly better.} e5 15. fxe5 dxe5 16. Nf3 Qa5 $146 ({Predecessor:} 16... Qc7 17. Qxa7 Ra8 18. Qe3 b5 19. Kb1 b4 {1-0 (45) Predke,A (2615)-Ilamparthi,A (1984) Taleigao 2018}) 17. Nd5 Nxd5 $1 18. Rxd5 Qc7 19. h4 Be6 20. Rc5 (20. Rd2 {feels hotter.} Bxb3 21. axb3 Rbd8 22. Rhd1 Rxd2 23. Qxd2 Qc6 24. Qd5) 20... Qb6 {[#] Strongly threatening ...Rbc8.} 21. Bxe6 Qxe6 22. Rd5 f5 (22... Rbd8 $15 23. Rxd8 Rxd8) 23. Ng5 $16 Qb6 24. Qxb6 axb6 25. Kd1 (25. Rb5 $16) 25... fxe4 26. Nxe4 Rf4 27. Ng5 (27. Re1 $14) 27... Bf6 {The position is equal.} 28. Rh3 Rg4 29. g3 Bxg5 30. hxg5 Rxg5 31. Rd7 Rg4 {Accuracy: White = 30%, Black = 38%.} (31... h5 $11) 1/2-1/2

[Event "Asian Zonal 3.2 2019"]
[Site "Dhaka"]
[Date "2019.03.20"]
[Round "4.6"]
[White "Mohammad, Javed"]
[Black "Mohammad Fahad, Rahman"]
[Result "0-1"]
[WhiteElo "2151"]
[BlackElo "2278"]
[Annotator "TA"]
[PlyCount "62"]
[EventDate "2019.03.14"]
[EventType "swiss"]
[EventCountry "BAN"]
[SourceTitle "playchess.com"]
[Source "ChessBase"]
[SourceQuality "1"]

{[%evp 20,62,30,31,42,-2,37,36,41,18,42,0,0,0,23,1,15,0,17,0,0,-39,0,-56,44,-139,0,-57,-87,-295,-292,-286,-262,-256,-214,-231,-208,-505,-466,-484,-455,-933,-923,-29992,-926]} 1. e4 c5 2. Nf3 d6 3. d4 cxd4 4. Nxd4 Nf6 5. Nc3 Nc6 6. Bg5 e6 7. Qd2 a6 8. O-O-O Bd7 9. f3 b5 10. Kb1 h6 11. Be3 h5 {B66: Sicilian: Richter-Rauzer: 7...a6 8 0-0-0 h6} (11... Be7 12. Bd3 Nxd4 13. Bxd4 Bc6 14. h4 h5 15. e5 dxe5 16. Bxe5 Qa5 17. Qg5 b4 18. Bxf6 Qxg5 19. Bxg5 bxc3 {1-0 (37) Vallejo Pons,F (2716)-Gharamian,T (2657) Germany 2014}) 12. h4 Na5 $146 ({Predecessor:} 12... Ne5 13. Bg5 Qb6 14. f4 {½-½ (14) Nagy Hegyesi,B (2351)-Feletar,D (2407) Hungary 2007}) 13. Bg5 Be7 {White is slightly better.} 14. Bd3 Rc8 15. f4 Qb6 16. Nf3 b4 17. Ne2 Nc4 18. Bxc4 Rxc4 19. Bxf6 gxf6 20. Ned4 Rg8 21. e5 (21. Rhe1 $11) 21... Rg4 (21... Rc5 $1 $15) 22. b3 $2 (22. Qd3 $14 {keeps the upper hand.} d5 23. Qh7) 22... Rc3 (22... Rc5 $17 {Threatens to win with ...Rd5.} 23. Nh2 Rg8 24. exd6 Qxd6) 23. exd6 ({Better is} 23. Rhe1 $11) 23... Qxd6 $15 24. Qf2 $2 (24. Rhe1 $17) 24... Qxf4 $19 25. Qf1 Qe4 26. Qxa6 Rxg2 {[%cal Rc3c2] Strongly threatening ...Rcxc2.} 27. Rhe1 {[#]} Qg6 $1 {[%cal Rc3c2] aiming for ...Rcxc2.} 28. Re2 $2 (28. Rc1) 28... Rxe2 29. Qxe2 e5 30. Nb5 {[#]} (30. Nxe5 $142 fxe5 {[%mdl 64] Discovered Attack} 31. Qxe5) 30... Rxc2 $1 {[%mdl 512]} 31. Nbd4 (31. Qxc2 Bf5) 31... Rc3+ {Accuracy: White = 18%, Black = 33%.} (31... Rxe2+ $142 32. Ka1 exd4 33. Rd2 Rxd2 34. Nxd2 Qc2 35. a3 Qxd2 36. a4 Qc1+ 37. Ka2 Qa3+ 38. Kb1 Bf5#) 0-1

[Event "Asian Zonal 3.2 2019"]
[Site "Dhaka"]
[Date "2019.03.20"]
[Round "4.7"]
[White "Abu Sufian, Shakil"]
[Black "Alahakoon, Isuru"]
[Result "1-0"]
[WhiteElo "2254"]
[BlackElo "2079"]
[Annotator "TA"]
[PlyCount "109"]
[EventDate "2019.03.14"]
[EventType "swiss"]
[EventCountry "BAN"]
[SourceTitle "playchess.com"]
[Source "ChessBase"]
[SourceQuality "1"]

{[%evp 16,109,13,11,10,1,15,-32,9,-48,-20,-9,170,151,167,176,179,152,167,157,286,276,275,282,278,272,254,254,250,258,264,232,262,262,313,319,293,293,304,270,400,355,460,452,446,411,433,430,502,516,499,440,651,654,645,645,719,534,803,804,895,891,862,849,993,593,1006,639,993,577,1514,631,1166,688,987,967,971,632,887,849,905,845,937,870,1766,1716,3160,2338,6520,6137,5616,5724,6452,5812,6033,5602]} 1. e4 e6 2. d4 d5 3. Nc3 Nf6 4. e5 Nfd7 5. f4 c5 6. Nf3 Nc6 7. Be3 Be7 8. Qd2 a6 9. dxc5 Nxc5 {C11: French: Classical System: 4 e5 and 4 Bg5 dxe4} 10. O-O-O b5 (10... Qa5 11. Kb1 b5 12. Bd3 b4 13. Ne2 O-O 14. Bxc5 Qxc5 15. h4 a5 16. g4 Ba6 17. f5 {0-1 (31) Sethuraman,S (2665)-Werle,J (2541) Caleta 2019}) 11. Bd3 (11. Qf2 $5 {[%cal Re3c5]} Nd7 12. Bd3 $11) 11... Na5 $146 {Black is slightly better.} ({Predecessor:} 11... b4 12. Ne2 Qa5 13. Kb1 Rb8 14. Ned4 Nxd4 15. Nxd4 Bd7 16. f5 Na4 17. Qf2 exf5 18. Bxf5 Bxf5 19. Qxf5 Nxb2 20. Rdf1 f6 21. exf6 b3 22. f7+ {1-0 (22) Ivic,V (2394)-Zeman,M (2203) Montevideo 2017}) 12. b3 (12. Bxc5 $11 Bxc5 13. f5) 12... Qc7 {Threatens to win with ...b4.} 13. Kb1 Nc4 $2 (13... Nc6 $11) 14. bxc4 $18 bxc4 15. Be2 Ne4 16. Nxe4 dxe4 {[#]} 17. Nd4 $1 ({Not} 17. Ng5 c3 $15) 17... Ba3 (17... Rb8+ $16 {was worth a try.} 18. Ka1 Ba3) 18. c3 Rb8+ 19. Ka1 Bb2+ 20. Qxb2 $1 Rxb2 21. Kxb2 Bd7 22. Nc2 O-O 23. Bd4 Ba4 {[#] And now ...Rb8+ would win.} 24. Rd2 f6 25. Ka1 Rd8 26. Ne3 Bb5 27. Rhd1 Rf8 (27... f5 $142 28. Rb2 Qc6) 28. Rb1 fxe5 29. Bxe5 Qc5 30. Bd4 Qc7 31. g3 {White is clearly winning.} Rc8 32. Rb4 Qc6 33. Bxc4 Qe8 (33... Bxc4 $142 34. Nxc4 h6) 34. Bxb5 axb5 35. Rdb2 Rb8 36. Be5 Rb7 37. c4 Qd7 38. Rxb5 Ra7 39. c5 h5 40. R5b3 Qa4 41. Rc3 Qc6 42. Rc4 Ra3 43. Rb3 Ra5 44. Bd4 Qa6 45. Rc2 Qc6 46. Kb1 Kh7 47. Rb6 Qd7 48. Be5 Qa7 49. Bb8 Qd7 50. c6 Qd3 51. Rb3 Rb5 52. Be5 Rxb3+ 53. axb3 Qxb3+ 54. Bb2 Qxe3 55. c7 {Accuracy: White = 72%, Black = 21%.} 1-0

[Event "Asian Zonal 3.2 2019"]
[Site "Dhaka"]
[Date "2019.03.20"]
[Round "4.8"]
[White "Shawket Bin, Osman Shaon"]
[Black "Mehdi Hasan Parag"]
[Result "0-1"]
[WhiteElo "2111"]
[BlackElo "2229"]
[Annotator "TA"]
[PlyCount "86"]
[EventDate "2019.03.14"]
[EventType "swiss"]
[EventCountry "BAN"]
[SourceTitle "playchess.com"]
[Source "ChessBase"]
[SourceQuality "1"]

{[%evp 18,86,16,19,29,16,1,0,0,25,25,14,14,9,7,0,0,0,8,0,0,-35,-43,-36,-45,-75,-35,-126,-81,-138,-128,-227,-115,-123,-116,-116,-116,-117,-117,-117,-99,-308,-321,-271,-246,-235,-235,-260,-261,-260,-269,-349,-341,-341,-270,-336,-327,-652,-652,-910,-910,-910,-862,-800,-729,-1416,-1213,-4133,-4133,-1989,-1615]} 1. e4 c6 2. d4 d5 3. Nc3 dxe4 4. Nxe4 Bf5 5. Ng3 Bg6 6. h4 h6 7. Nf3 e6 8. Ne5 Bh7 9. Bd3 Bxd3 10. Qxd3 Nd7 {B19: Classical Caro-Kann: 4...Bf5 main line} 11. f4 (11. Bf4 Nxe5 12. Bxe5 Qa5+ 13. c3 Nf6 14. b4 Qd8 15. b5 cxb5 16. Bxf6 gxf6 17. Qxb5+ Qd7 18. a4 {0-1 (54) Jones,G (2691)-Eljanov,P (2680) chess.com INT 2019}) 11... Be7 12. Bd2 Nxe5 {The position is equal.} 13. fxe5 Bxh4 14. O-O-O Bxg3 $1 15. Qxg3 Ne7 16. Qxg7 {[%mdl 64] Double Attack} Rg8 17. Qh7 Qd5 18. Kb1 {Strongly threatening Rhf1.} ({Reject} 18. Bxh6 Qxa2 19. c3 O-O-O $15) 18... O-O-O $146 19. Bb4 ({But not} 19. Rxh6 Qxd4 20. Qxf7 Rxg2 $17) 19... Nf5 $1 {White must now prevent ...Rg7.} 20. Qxf7 Rg7 21. Qf6 Rxg2 22. Rh3 (22. b3 $15) 22... Rdg8 $40 {[%mdl 128] Hoping for ...c5. Black is out for blood.} 23. b3 {[#]} (23. Qf7 $142) 23... Qd7 $1 $17 ({Inferior is} 23... Nxd4 24. Bc3 $14) 24. Rxh6 {[#]} (24. Rf3 $17) 24... Nxh6 ({Better is} 24... Ne3 $1 $19 {[%cal Re3d1]} 25. Rc1 Nd5 {[%mdl 64] Double Attack} 26. Qxe6 Qxe6 27. Rxe6 Nxb4) 25. Qxh6 Qf7 26. Rd3 b6 27. Kb2 Kb7 28. Rc3 Rg1 {Threatens to win with ...a5.} 29. d5 $2 (29. Qf6 $17 Qxf6 30. exf6) 29... cxd5 $19 30. Bd6 {intending Rc7+.} Rc8 31. Rxc8 Kxc8 {[%mdl 4096] Endgame KQR-KQB} 32. Qh8+ Rg8 33. Qh3 Kb7 34. a4 Rc8 35. Qg2 Qg8 36. Qf3 a5 37. c4 $2 (37. Qd3) 37... Qg6 {Black is clearly winning.} 38. Qh1 Qe4 39. Qxe4 dxe4 40. Kc3 Rh8 41. b4 Rh1 42. bxa5 bxa5 43. Kd2 Ra1 {Accuracy: White = 17%, Black = 71%.} 0-1

[Event "Asian Zonal 3.2 2019"]
[Site "Dhaka"]
[Date "2019.03.20"]
[Round "5.1"]
[White "Hossain, Enamul"]
[Black "Rahman, Ziaur"]
[Result "1/2-1/2"]
[WhiteElo "2438"]
[BlackElo "2489"]
[Annotator "TA"]
[PlyCount "132"]
[EventDate "2019.03.14"]
[EventType "swiss"]
[EventCountry "BAN"]
[SourceTitle "playchess.com"]
[Source "ChessBase"]
[SourceQuality "1"]

{[%evp 30,132,33,32,35,38,31,38,31,22,22,17,25,13,2,3,7,10,31,6,79,45,41,25,25,27,27,23,10,10,10,15,31,8,40,8,8,1,0,0,0,0,0,0,0,0,13,16,16,16,15,16,55,0,0,0,0,0,7,6,12,11,86,93,193,188,208,195,239,226,242,160,160,0,0,0,0,0,0,0,0,0,0,0,0,0,0,0,0,0,0,0,0,0,0,0,0,0,0,0,0,-25,0,0,0]} 1. e4 c5 2. Nf3 d6 3. d4 cxd4 4. Nxd4 Nf6 5. Nc3 Nc6 6. Bg5 e6 7. Qd2 a6 8. O-O-O Bd7 9. f4 Be7 10. Nf3 b5 11. Bxf6 gxf6 12. g3 Qb6 13. Kb1 O-O-O 14. f5 Kb8 15. fxe6 fxe6 16. Bh3 Na5 {B69: Sicilian: Richter-Rauzer: 7...a6 8 0-0-0 Bd7 9 f4 Be7 10 Nf3 b5 11 Bxf6} 17. Nd4 (17. Rhe1 b4 18. Ne2 e5 19. Bxd7 Rxd7 20. Qd5 Rc8 21. b3 Rdc7 22. Rd2 Nc6 23. Nh4 Na7 24. Nf5 {0-1 (60) Le,Q (2715)-Gupta,A (2588) Douglas 2018}) 17... b4 $1 {[%cal Rb4c3]} 18. Nce2 e5 {White is slightly better.} 19. Bxd7 Rxd7 20. Nf5 Nc4 21. Qd5 Rc8 $1 22. Nc1 $146 ({Predecessor:} 22. Rhf1 Bf8 23. Rf3 Rdc7 24. g4 Nxb2 25. Kxb2 Rxc2+ {0-1 (31) Mazur,S (2413)-Papp,G (2591) Slovakia 2019}) 22... Qf2 23. Qd3 Bf8 24. Nb3 Rdc7 (24... d5 $1 $11) 25. Nd2 (25. Rhf1 $5 {[%cal Rf1f2]} Qb6 26. Nd2 $16) 25... d5 26. Rhf1 (26. exd5 $2 e4 $1 $17 {[%mdl 512]}) (26. Qxd5 {with more complications.} Ne3 27. Nxe3 Qxe3 28. Rhe1 Qa7 29. Rf1) 26... Nxd2+ 27. Rxd2 dxe4 28. Rfxf2 exd3 29. Rxd3 Bc5 30. Re2 Rg8 31. Re4 h5 32. c3 Rg5 33. Nh4 bxc3 34. Rxc3 Rg4 35. Re2 Rd4 36. a3 Rd1+ 37. Ka2 Bd4 38. Rf3 Rc6 39. Nf5 a5 40. Nxd4 exd4 $11 {[%mdl 4096] Endgame KRR-KRR} 41. Rff2 a4 {And now ...Rcc1 would win.} 42. Rd2 Rxd2 43. Rxd2 {KR-KR} Rd6 44. Kb1 Kc7 45. Rc2+ Kd7 {[#]} (45... Kb6 $11 {keeps the balance.}) 46. Rc4 $1 $16 Ke6 {[#]} (46... d3 $16 47. Kc1 Re6) 47. Kc2 $1 $18 ({Don't do} 47. Rxa4 $6 d3 $14) 47... h4 48. Rxa4 hxg3 49. hxg3 Rd8 50. Rb4 Ke5 51. Rb3 $2 (51. Kd3 $16) 51... Ke4 $1 $11 52. a4 Rc8+ 53. Kd2 {White wants to play a5.} Rh8 54. a5 Rh2+ 55. Kd1 Rh1+ 56. Kd2 {a6 is the strong threat.} Rh2+ 57. Kd1 Rh1+ 58. Kc2 Rh2+ 59. Kb1 d3 {White must now prevent ...Rh1+.} 60. a6 {[%cal Ba5a6,Ba6a7][%mdl 32] Threatens to win with a7.} Rh1+ 61. Ka2 d2 62. a7 $1 {[%cal Ra7a8] [#]} Ra1+ $1 {[%mdl 576] Decoy} 63. Kxa1 d1=Q+ {[%mdl 64] Double Attack} 64. Ka2 Qd5 65. Ka1 Qd1+ 66. Ka2 Qd5 {Accuracy: White = 68%, Black = 57%.} 1/2-1/2

[Event "Asian Zonal 3.2 2019"]
[Site "Dhaka"]
[Date "2019.03.20"]
[Round "5.2"]
[White "Murshed, Niaz"]
[Black "Mohammad Minhaz Uddin"]
[Result "1/2-1/2"]
[WhiteElo "2406"]
[BlackElo "2279"]
[Annotator "TA"]
[PlyCount "159"]
[EventDate "2019.03.14"]
[EventType "swiss"]
[EventCountry "BAN"]
[SourceTitle "playchess.com"]
[Source "ChessBase"]
[SourceQuality "1"]

{[%evp 11,159,20,44,52,64,25,30,29,38,28,37,32,41,31,37,34,29,32,34,28,36,36,37,43,34,41,64,58,61,65,47,49,136,136,140,135,133,137,147,144,179,178,254,229,239,231,225,227,198,232,210,211,211,212,230,230,221,200,224,211,304,313,320,319,334,355,309,343,345,352,374,342,374,374,370,367,349,342,395,373,390,382,369,185,184,183,181,176,171,14,15,15,170,184,181,184,187,187,195,179,152,117,132,95,825,825,725,72,72,70,70,65,710,710,695,695,681,666,651,526,508,70,70,70,70,70,211,211,652,584,444,70,70,70,211,0,70,0,209,0,70,70,195,187,187,180,247,55,160,0]} 1. d4 Nf6 2. c4 e6 3. g3 Bb4+ 4. Nd2 Nc6 5. Ngf3 O-O 6. Bg2 d6 7. O-O {E11: Bogo-Indian} e5 8. Nb3 (8. d5 $5 {[%cal Rd5c6]} Bxd2 9. Nxd2 $14 (9. Bxd2 Ne7 $14)) 8... exd4 9. Nfxd4 {White has an edge.} Nxd4 10. Qxd4 Nd7 $1 11. Bd2 a5 12. Bc3 $146 ({Predecessor:} 12. Bxb4 axb4 13. Qd2 Qf6 14. Nd4 c6 {0-1 (14) Lputian,S (2585)-Gulko,B (2580) Luzern 1998}) 12... Bxc3 13. Qxc3 Qf6 14. Qxf6 Nxf6 15. Nd4 c6 16. Rfd1 Rd8 17. Rd2 Ng4 18. Rad1 Ne5 19. b3 f6 20. Nc2 Nf7 21. c5 {[%cal Rc5d6]} d5 (21... a4 $14) 22. e4 $1 $16 Bg4 23. f3 Be6 24. Nd4 Bc8 25. Ne2 $1 a4 26. b4 (26. exd5 axb3 27. axb3 Rxd5 $16) 26... Ne5 (26... d4 $142 27. Rxd4 (27. Nxd4 a3 $16) 27... Be6) 27. exd5 $18 Nc4 28. Rd4 Rxd5 29. Nf4 Rxd4 30. Rxd4 g5 31. Rd8+ $1 (31. Rxc4 $6 gxf4 32. Rxf4 Be6 $16) 31... Kf7 32. Nd3 a3 33. Bh3 f5 34. f4 g4 35. Bf1 Ne3 (35... Ke7 $142 36. Rh8 Kf6) 36. Ne5+ Ke7 37. Rh8 Nxf1 38. Kxf1 (38. Rxh7+ Kd8 $14) 38... Ra4 39. Rxc8 Rxb4 {[%mdl 4096] Endgame KRN-KR} 40. Ra8 (40. Rc7+ Kf6 $18) 40... Rb1+ 41. Ke2 Rb2+ 42. Kd3 Rxa2 43. Nc4 Rxh2 44. Rxa3 Ke6 45. Kd4 h5 46. Re3+ Kf6 47. Re8 (47. Re5 $142) 47... h4 48. gxh4 Rf2 49. Rf8+ Ke6 50. Ne3 $2 (50. Nd6 $1 $18 Rxf4+ 51. Ke3 Rf3+ 52. Ke2) 50... Rxf4+ $11 51. Kd3 {Strongly threatening h5.} Rf3 $2 (51... g3 $1 $11 {and Black stays safe.}) 52. Ke2 $1 $18 Rh3 53. Nxf5 Kd5 54. Rg8 $1 Ke5 55. Nd6 ({Weaker is} 55. Rxg4 Kxf5 56. Rb4 Rh2+ 57. Kf3 Rh1 $11) 55... Rxh4 56. Nxb7 {Hoping for Nd8.} Kf4 57. Rf8+ Kg3 $2 {[%mdl 8192]} (57... Ke4 $16 58. Kf2 Rh7) 58. Nd6 Kh3 59. Nf5 $2 (59. Ne4 $18 {is more deadly.} Rh6 60. Rg8) 59... Rh5 $16 60. Kf1 g3 61. Kg1 Rg5 $2 {[%mdl 8192]} (61... g2 $14 62. Rf6 Kg4) 62. Ne3 $1 $18 g2 63. Rf3+ Kh4 64. Nxg2+ Kg4 65. Rc3 Kf5 66. Kf2 $2 (66. Rc4 $1 $18) 66... Ke4 $14 67. Rc1 {And now Re1+ would win.} Rf5+ $1 68. Kg3 {Threatens to win with Nf4.} Rg5+ (68... Rf7 $14 69. Rc4+ Kd3) 69. Kh3 $1 $18 Rf5 $2 (69... Kf3) 70. Kg4 {White wants to mate with Re1+.} Rf2 71. Ne1 $2 ({White should try} 71. Re1+ $18 Kd4 72. Nf4) 71... Rf1 $14 72. Kg3 {aiming for Kg2.} Kd5 ({Better is} 72... Rf5 $14 73. Rc4+ Kd5) 73. Kg4 (73. Kg2 $1 $18 {[%cal Rg2f1]} Rf4 74. Nd3) 73... Ke4 $1 74. Kg3 (74. Rb1 $14) 74... Kd5 $1 $18 75. Kg4 (75. Kg2 $1 $18 {[%cal Rg2f1]} Rf8 76. Nd3) 75... Ke4 $1 $14 76. Kg5 {Black must now prevent Nd3!} Kd5 (76... Rf8 $1 $14 77. Kg6 Kd4) 77. Rd1+ $18 Kc4 {[#]} 78. Kg4 $1 Kb5 {[#]} (78... Rh1 {is a better defense.} 79. Kf4 Rh4+ 80. Kg3 Rh1) 79. Kg3 $2 ({Only move:} 79. Rc1 $1 $18) 79... Kc4 (79... Rf5 $14 80. Nd3 Kc4) 80. Rc1+ $2 {Accuracy: White = 55%, Black = 46%.} (80. Kg2 $16 Rf4 81. Rc1+ Kd5 82. Nd3) 1/2-1/2

[Event "Asian Zonal 3.2 2019"]
[Site "Dhaka"]
[Date "2019.03.20"]
[Round "5.3"]
[White "Mollah Abdullah, Al Rakib"]
[Black "Rahman, Taibur"]
[Result "1/2-1/2"]
[WhiteElo "2460"]
[BlackElo "2226"]
[Annotator "TA"]
[PlyCount "58"]
[EventDate "2019.03.14"]
[EventType "swiss"]
[EventCountry "BAN"]
[SourceTitle "playchess.com"]
[Source "ChessBase"]
[SourceQuality "1"]

{[%evp 11,58,13,24,0,10,-3,39,25,31,29,30,22,22,21,21,21,21,21,21,21,24,18,37,32,40,55,66,49,65,73,59,59,104,110,152,152,152,152,158,140,135,91,90,3,3,0,0,0,0]} 1. e4 c5 2. b3 Nf6 3. e5 Nd5 4. Bb2 e6 5. c4 Ne7 6. Nf3 Nbc6 7. g3 {B40: Sicilian: 2...e6, Unusual lines} Nf5 (7... d6 8. Bg2 Ng6 9. exd6 e5 10. h4 Bxd6 11. h5 Nge7 12. h6 g6 13. Nc3 f6 14. Qe2 O-O {½-½ (66) Onischuk,V (2637)-Vidit,S (2715) Riadh 2017}) 8. Bd3 Be7 9. Bxf5 {White is slightly better.} exf5 10. Nc3 $146 ({Predecessor:} 10. O-O O-O 11. d4 cxd4 12. Nxd4 f4 13. Nf5 d5 14. Nxe7+ Nxe7 {½-½ (43) Kozel,R (2365)-Neverov,V (2515) Yalta 1996}) 10... O-O 11. O-O d6 12. Nd5 dxe5 13. Nxe5 Nxe5 14. Bxe5 Be6 15. Nc7 Rc8 16. Nxe6 fxe6 17. Qf3 $36 {[%mdl 2048] White has good play.} b6 18. Rad1 Bf6 {[#]} 19. d4 $1 {[%mdl 512]} cxd4 20. Rxd4 Qe7 21. Bxf6 gxf6 {[#]} 22. Re1 $1 Rce8 23. Qc6 Rf7 24. Red1 Kg7 25. Rd7 Qa3 26. Kg2 Ree7 27. R1d6 ({White should try} 27. R7d2 $16) 27... Qxa2 $11 {The position is equal.} 28. Rd8 {aiming for Qc8.} Qe2 29. Rd4 Rf8 {Accuracy: White = 50%, Black = 59%.} 1/2-1/2

[Event "Asian Zonal 3.2 2019"]
[Site "Dhaka"]
[Date "2019.03.20"]
[Round "5.4"]
[White "Mohammad Fahad, Rahman"]
[Black "Rahman, Syed Mahfuzur"]
[Result "1/2-1/2"]
[WhiteElo "2278"]
[BlackElo "2202"]
[Annotator "TA"]
[PlyCount "126"]
[EventDate "2019.03.14"]
[EventType "swiss"]
[EventCountry "BAN"]
[SourceTitle "playchess.com"]
[Source "ChessBase"]
[SourceQuality "1"]

{[%evp 18,125,7,14,24,8,35,8,26,1,2,2,8,0,9,-107,-107,-104,-117,-141,-141,-156,-117,-122,-117,-121,-85,-72,-80,-95,-95,-133,-104,-87,-71,-139,-89,-89,-81,-88,-79,-67,-65,-57,-70,-250,-237,-252,-260,-234,-248,-306,-295,-368,-317,-457,-454,-5606,-17,-17,-22,-25,0,0,0,0,0,0,0,0,0,0,0,0,0,0,0,0,0,0,0,0,0,0,0,0,0,0,0,0,0,0,0,0,0,0,0,0,0,0,0,0,0,0,0,0,0,0,0,0]} 1. e4 c5 2. Nf3 d6 3. d4 cxd4 4. Nxd4 Nf6 5. Nc3 a6 6. Be3 e5 7. Nf3 Be7 8. Bc4 O-O 9. O-O Be6 10. Bb3 h6 {B90: Sicilian Najdorf: Unusual White 6th moves, 6 Be3 Ng4 and 6 Be3 e5} (10... b5 11. Re1 Qc8 12. Bg5 Nbd7 13. Re2 Qb7 14. Rd2 Rfe8 15. Bxf6 Nxf6 16. Qe2 Rac8 17. Nd5 Nxd5 18. Bxd5 {½-½ (28) Nisipeanu,L (2674)-Wojtaszek,R (2749) Germany 2018}) 11. Re1 Nbd7 12. h3 Rc8 $146 ({Predecessor:} 12... b5 13. Qd3 Nb6 14. Bxb6 Qxb6 15. Nd5 Bxd5 16. Bxd5 Nxd5 17. Qxd5 {½-½ (26) Gombos,B (1932)-Farkas,G (1974) Miskolc 2010}) 13. Qe2 b5 14. Rad1 Qc7 15. Nh4 Rfe8 16. Nd5 (16. Nf5 $11) 16... Nxd5 $17 17. exd5 Bxh3 $1 18. gxh3 {Strongly threatening Nf5.} Bxh4 19. Qg4 {[#]} Bg5 $1 {[%mdl 512]} 20. Bxg5 hxg5 21. Qxg5 Nc5 22. c3 Qe7 23. Qg4 g6 ({Much worse is} 23... Nxb3 $6 24. axb3 Ra8 25. Rd3 $11) 24. Bc2 Kg7 25. f4 Nd7 26. Bf5 ({Better is} 26. f5) 26... Rcd8 {[%cal Bc8d8,Bd8d7,Bd7c7,Bc7c4][%mdl 32]} 27. Bxd7 Rxd7 28. f5 Qf6 29. Rf1 Rc7 30. Kh2 Rc4 31. Qg3 $2 ({White has to play} 31. fxg6 $15 Rxg4 32. Rxf6 Rxg6 33. Rxg6+ fxg6 34. Kg3) 31... g5 $19 32. Rd2 Rh8 {And now ...g4 would win.} 33. Rg2 {[#]} Rh5 $1 34. Qe3 Kh6 35. Rf3 Rf4 36. Rxf4 (36. Re2 {is a better defense.}) 36... gxf4 {[%mdl 4096] Endgame KQR-KQR} 37. Qb6 (37. Qf3 $142 Qxf5 38. Qg4 Qxg4 39. Rxg4) 37... f3 $2 ({Black should play} 37... Qxf5 $19 38. Kg1 Rxh3 39. Qf2 Qb1+ {[%mdl 64] Double Attack} 40. Qf1 {[#]} Rh1+ $1 {[%mdl 576] Skewer, Deflection} 41. Kxh1 Qxf1+ 42. Kh2 f3 43. Rg4 Qe2+ {[%mdl 64] Double Attack} 44. Kh1 f2 45. Rg1 fxg1=N 46. Kxg1 Kg5 47. b4 Kh4 48. Kh1 Kg3 49. Kg1 Qg2#) 38. Qe3+ $11 {[%mdl 64] Double Attack} Kh7 39. Qxf3 Qxf5 40. Qg3 {[%csl Gg2][%cal Rg3g7] The position is equal.} Qf4 41. Qxf4 exf4 {KR-KR} 42. Rg4 Rxd5 43. Rxf4 Rd2+ 44. Kg3 Rxb2 45. Rxf7+ Kg8 46. Rf2 Rb1 $1 47. Rd2 Rc1 48. Rxd6 Rxc3+ 49. Kg4 Ra3 50. Rd2 b4 51. h4 b3 52. axb3 Rxb3 53. Rd6 a5 54. Kg5 Rg3+ 55. Kh6 a4 56. Ra6 a3 57. h5 {[%cal Bh4h5,Bh5h6,Bh6h7][%mdl 32]} Kf7 58. Ra7+ Ke6 59. Kh7 Kd5 60. h6 Kc4 61. Kh8 Kb3 62. h7 a2 63. Ra3+ Kxa3 $2 {[%mdl 8192] Accuracy: White = 47%, Black = 72%.} (63... Kb2 64. Rxa2+ Kxa2) 1/2-1/2